Possibilities of assessing moral values and integrity of civil service entrants (Record no. 486884)

000 -LEADER
fixed length control field 00541cam a22001457a 4500
008 - FIXED-LENGTH DATA ELEMENTS--GENERAL INFORMATION
fixed length control field 180718b1999 xxu||||| |||| 00| 0 eng d
082 ## - DEWEY DECIMAL CLASSIFICATION NUMBER
Classification number APPPA 98-99 PAN/19
100 ## - MAIN ENTRY--PERSONAL NAME
Personal name Pandey, Manoj Kumar
245 ## - TITLE STATEMENT
Title Possibilities of assessing moral values and integrity of civil service entrants
Statement of responsibility, etc. by Manoj Kumar Pandey
260 ## - PUBLICATION, DISTRIBUTION, ETC.
Place of publication, distribution, etc. New Delhi
Name of publisher, distributor, etc. Indian Institute of Public Administration
Date of publication, distribution, etc. 1999
300 ## - PHYSICAL DESCRIPTION
Extent 126p.
500 ## - GENERAL NOTE
General note An APPPA M.Phil. dissertation, 1998-99 (Guide: Shekhar Singh)
650 ## - SUBJECT ADDED ENTRY--TOPICAL TERM
Topical term or geographic name entry element APPPA
650 ## - SUBJECT ADDED ENTRY--TOPICAL TERM
Topical term or geographic name entry element Civil service - Examinations
Holdings
Withdrawn status Lost status Damaged status Not for loan Permanent Location Current Location Date acquired Total Checkouts Full call number Barcode Date last seen Date last checked out Price effective from Koha item type
        Indian Institute of Public Administration Indian Institute of Public Administration 2018-08-04 1 APPPA 98-99 PAN/19 GR14910 2021-11-18 2021-10-25 2018-08-04 GR

Powered by Koha